Odd One Out - Miscellaneous Quiz Stats

 Plays Quiz Updated May 31, 2019

Score 0/10 Timer 05:00
3 Plays Today
Question Answer Wrong Answers
Which of these is not a flower? Wristwatch is not a flower
88.8%
Daisy
2.1%
Iris
2.7%
Lily (Allen)
5.7%
Which of these is not one of the four seasons? Jessica Walter is not one of the four seasons
79.9%
Fall
4.4%
Spring
2.1%
(Donna) Summer
11.7%
Which of these is not a tool? Sonic is a hedgehog, not a tool
73.6%
Brace
11.2%
(MC) Hammer
4.8%
Saw
7.7%
Which of these was not one of the 30 most popular girls names in the UK in 2018? Gazelle is not a popular girls name
73.2%
Poppy
5.2%
Ruby
6%
Willow
10.7%
Which of these is not one of the 30 most common surnames in the US? Zambia is not a common surname
64.5%
Brown
4.1%
Hall
21.9%
Wilson
9.2%
Which of these is not an IBA official cocktail? Judy Garland is not a cocktail
59.4%
Grasshopper
14.7%
Manhattan
15.7%
Screwdriver
4.9%
Which of these is not a fashion magazine? Water polo is not a fashion magazine
56.6%
Cosmopolitan
15.7%
Elle (Fanning)
16.5%
Vogue
7.4%
Which of these is not a criminal offense? Cookie Monster is not a criminal offense
56.1%
Battery
3.3%
Murder (of crows)
5.6%
Kidnapping (well, kid napping)
33.6%
Which of these is not a web browser? Travis Bickle is not a web browser
50.9%
Chrome
8.6%
Opera
33.6%
Safari
2.4%
Which of these is not a car manufacturer? Deerstalker is not a car manufacturer
38.7%
Honda
38.1%
Renault
8.6%
Tesla
11.1%

You're not logged in!

Compare scores with friends on all Sporcle quizzes.
OR
Log In

Sporcle TV

Today on Sporcle TV


Watch our educational content, quiz creation guides, and fun videos on Sporcle TV.

Show Comments

Extras

Top Quizzes Today


Score Distribution

Your Account Isn't Verified!

In order to create a playlist on Sporcle, you need to verify the email address you used during registration. Go to your Sporcle Settings to finish the process.

Report this User

Report this user for behavior that violates our Community Guidelines.

Details: